| 000 | 00868nam a22002057a 4500 | ||
|---|---|---|---|
| 999 |
_c11114 _d11114 |
||
| 003 | AR-CdUCM | ||
| 008 | 190402b ||||| |||| 00| 0 spa d | ||
| 040 |
_aMUNICIPALIDAD PROVINCIAL DEL CUSCO _cBIBLIOTECA MUNICIPAL DEL CUSCO |
||
| 082 |
_a343.333 / _bG26 / 1954 |
||
| 100 |
_aGarcia Bedoya, Telesforo _928288 |
||
| 245 | _aAnales del congreso del Perú 1865 - 1867 / | ||
| 260 |
_aLima : _bCongreso nacional, _c1954. |
||
| 300 |
_a323 paginas ; _c27 cm. |
||
| 505 | _aContenido : Introducción -- Guerra con España -- El coronel Mariano Ignacio Prado, jefe supremo, presidente provisorio y presidente constitucional de la re publica -- Juicio analítico de la obra legislativa realizada por el congreso constituyente de 1867 ... | ||
| 650 |
_aCongreso _912680 |
||
| 650 |
_aRepública _9831 |
||
| 650 |
_aPerú _935 |
||
| 942 |
_2ddc _cLIBROS |
||
| 945 | _arah | ||